000 00244nam a22000977a 4500
100 _aShabbir, A S Syed
245 _aAquifer test analysis
260 _aJamsshoro
_bInstitute of irigation and drainage engineering
300 _a248p
942 _cBK
999 _c14961
_d14961